000 00761nam a22001577a 4500
003 OSt
005 20150929095505.0
008 150929b xxu||||| |||| 00| 0 eng d
040 _cRUA
082 _aAGR CHA 2010 B064 Or.1
100 _91547
_aKONG, CHANDAVY.
245 _aetide sur l'occurence de noeud de racine nematode (meloidogyne spp.) sur leriz et legume au district saang dans la province kandal ( ការសិក្សាពីវត្តមានកំពកឬសណេម៉ាតូត (meloidogyne spp.) លើដំណាំស្រូវ និង​ បន្លែក្នុងស្រុកស្អាង ខេត្តកណ្តាល)
260 _aPhnom Penh
_bRUA
_c2010
300 _avii, 40p.
_bill.
_c29cm.
942 _2ddc
_cAGR
999 _c1455
_d1455